000 00256nam a22001217a 4500
008 180207b xxu||||| |||| 00| 0 eng d
041 _aeng
080 _211th
_a311
100 _a55
101 _aSTA
245 _aStatistics
_cMcLave,J.T
942 _2udc
_cBK
999 _c42005
_d42005